Wings of Fire specific dragons 1. - Statistics

General Stats
  • This quiz has been taken 80 times
  • The average score is 13 of 15
Answer Stats
Hint Answer % Correct
Queen of the Seawings, Tsunami's mother. Coral
100%
The smartest dragon of the 3 main sisters. Blister
94%
Sunny's father, animus, Nightwing. Stonemover
92%
Anemone's smaller sister. Auklet
89%
3000 year old dragon that rose from the ground. Darkstalker
89%
Brother that went missing from the Ice kingdom. Hailstorm
88%
The tough one that lived in the stronghold. Burn
86%
Starflight's father, who's a scientist. Mastermind
84%
Teacher of Anemone, till he dies with electric eels. Whirlpool
84%
Webs' son from the Talon of Peace. Riptide
83%
Adores his scavenger, Flower. Smolder
83%
Scratched Flame's face during training. Viper
83%
Fell in love with a Nightwing and ran away. Arctic
70%
Nightwing that fell in love with answer 2. Foeslayer
70%
Icewing that worked under Queen Scarlet. Icicle
55%
No matching quizzes found
Score Distribution
Percent of People with Each Score
Percentile by Number Answered
Your Score History
You have not taken this quiz